| 000 | 00610nam a22002057a 4500 | ||
|---|---|---|---|
| 999 |
_c19096 _d19096 |
||
| 003 | AR-CdUCM | ||
| 008 | 190516b ||||| |||| 00| 0 spa d | ||
| 040 |
_aMUNICIPALIDAD PROVINCIAL DEL CUSCO _cBIBLIOTECA MUNICIPAL DEL CUSCO |
||
| 082 |
_a858.9 / _bM19 |
||
| 100 |
_aMalaparte, Curzio _910168 |
||
| 245 | _aLa piel / | ||
| 260 |
_aMéxico, D.F : _bAzteca, _c1956. |
||
| 300 |
_a308 páginas ; _c21 cm. |
||
| 505 | _aContenido: Novela | ||
| 650 |
_aNovelas italianas _99329 |
||
| 650 |
_aNovelas históricas italianas _914187 |
||
| 650 |
_aSiglo XX. _98 |
||
| 942 |
_2ddc _cLIBROS |
||
| 945 |
_aacv _d2019-05-16 |
||